Normal view
MARC view
Entry Personal Name
001 - CONTROL NUMBER
- control field: 245748
003 - CONTROL NUMBER IDENTIFIER
- control field: OSt
005 - DATE AND TIME OF LATEST TRANSACTION
- control field: 20251115124426.0
008 - FIXED-LENGTH DATA ELEMENTS
- fixed length control field: 251115|| aca||aabn | a|a d
040 ## - CATALOGING SOURCE
- Original cataloging agency: OSt
- Transcribing agency: OSt
100 ## - HEADING--PERSONAL NAME
- Personal name: VENKATASUBBAYYA (G)
- Dates associated with a name: ವೆಂಕಟಸುಬ್ಬಯ್ಯ (ಜಿ)
670 ## - SOURCE DATA FOUND
- Source citation: Work cat.: (OSt)133805: VENKATASUBBAYYA (G) ವೆಂಕಟಸುಬ್ಬಯ್ಯ (ಜಿ) , Samaya-sandarbha-sannivesha, 2008